Nosotros, los huérfanos del yo /

Detalles Bibliográficos
Otros Autores: Salamanca, Claudia (Editor)
Formato: Electrónico eBook
Lenguaje:español
Publicado: Bogotá : Editorial Pontificia Universidad Javeriana, [2025]
Edición:Primera edición.
Materias:
Acceso en línea:Digitalia Hispánica

MARC

LEADER 00000nam a2200000Ii 4500
001 DIGEPUJ0492
003 NyNyDIG
006 m o d
007 cr |||||||||||
008 250909s2025 ck a o 000 j spa d
035 |a (OCoLC)1535343895 
040 |a DGITA  |b eng  |e rda  |e pn  |c DGITA 
020 |a 9789587819779  |q (digital) 
050 1 4 |a PQ6257 ebook 
245 0 0 |a Nosotros, los huérfanos del yo /  |c Claudia Salamanca, editora académica. 
250 |a Primera edición. 
264 1 |a Bogotá :  |b Editorial Pontificia Universidad Javeriana,  |c [2025] 
300 |a 1 online resource :  |b illustrations. 
336 |a text  |b txt  |2 rdacontent 
337 |a computer  |b c  |2 rdamedia 
338 |a online resource  |b cr  |2 rdacarrier 
347 |a text file  |2 rdaft 
347 |b PDF 
588 0 |a Online resource; title from PDF title page (Digitalia, viewed September 9, 2025) 
655 7 |a Short stories.  |2 lcgft 
700 1 |a Salamanca, Claudia,  |e editor. 
791 2 |a Digitalia (Firm),  |e distributor. 
793 0 |g Digitalia eBook Collection:  |a Pontificia Universidad Javeriana 
856 4 0 |3 Digitalia Hispánica  |u https://www.digitaliapublishing.com/a/179965/ 
910 |a Premium collection: 2025